Statistics for Two-Letter Words

Click here to take the quiz!

General Stats

  • This quiz has been taken 2,437 times
  • The average score is 49 of 101

Answer Stats

Answer% Correct
AN
91%
AT
90%
AS
87%
BE
85%
AM
84%
AD
80%
DO
80%
AB
77%
AH
76%
AA
74%
AL
74%
BO
74%
AG
72%
AR
72%
IN
72%
IT
72%
TO
72%
AE
71%
AI
71%
AW
71%
BA
71%
BI
71%
HE
68%
AX
67%
AY
67%
GO
67%
ON
67%
IS
66%
BY
65%
HI
64%
ME
64%
NO
63%
DE
61%
HO
59%
OF
58%
HA
55%
IF
55%
EN
54%
SO
54%
WE
54%
FA
53%
LO
53%
EL
52%
ER
52%
ET
52%
EM
51%
MA
51%
MO
51%
EH
49%
ES
49%
LA
48%
OR
48%
ED
47%
MY
47%
EF
46%
FE
45%
MI
44%
PI
43%
EX
42%
PA
41%
NA
40%
LI
39%
RE
39%
TA
38%
ID
37%
TI
37%
MU
36%
OH
36%
OP
36%
NE
35%
YO
35%
UP
34%
US
34%
JO
33%
PE
32%
SI
32%
WO
31%
KA
30%
NU
30%
OM
30%
OS
29%
OD
28%
YA
28%
OX
27%
YE
27%
KI
26%
OW
26%
UN
26%
ZA
26%
OI
23%
OY
23%
HM
22%
OE
22%
UM
19%
QI
18%
MM
17%
UT
16%
XI
16%
UH
15%
XU
9%
SH
8%

Score Distribution

Percentile by Number Answered

Percent of People with Each Score

Your Score History

You have not taken this quiz